Assam Buranji (Record no. 4846)

MARC details
000 -LEADER
fixed length control field 00476cam a2200181ua 4500
001 - CONTROL NUMBER
control field 5691
005 - DATE AND TIME OF LATEST TRANSACTION
control field 20260515113925.0
008 - FIXED-LENGTH DATA ELEMENTS--GENERAL INFORMATION
fixed length control field 131008n ii |||gr||||Z||||||asm
040 ## - CATALOGING SOURCE
Transcribing agency MAIN
082 ## - DEWEY DECIMAL CLASSIFICATION NUMBER
Classification number 954.162
100 1# - MAIN ENTRY--PERSONAL NAME
Personal name Tamuli Phukan ,Kashinath,
Relator term Author.,
245 ## - TITLE STATEMENT
Title Assam Buranji
Statement of responsibility, etc. by Kashinath Tamuli Phukan
260 ## - PUBLICATION, DISTRIBUTION, ETC.
Place of publication, distribution, etc. Sivasagar:
Name of publisher, distributor, etc. Basu Publication,
Date of publication, distribution, etc. 2012.
653 ## - INDEX TERM--UNCONTROLLED
Uncontrolled term History
653 ## - INDEX TERM--UNCONTROLLED
Uncontrolled term Assam Buranji
700 1# - ADDED ENTRY--PERSONAL NAME
Personal name Borbarua,Radhanath,
Relator term Author.
942 ## - ADDED ENTRY ELEMENTS (KOHA)
Koha item type Books
Holdings
Withdrawn status Lost status Damaged status Not for loan Home library Current library Shelving location Date acquired Total checkouts Full call number Barcode Date last seen Copy number Price effective from Koha item type
        Naharkatiya College Library Naharkatiya College Library General stacks 09/19/2020   954.162 | PHU 21869 09/19/2020 1 09/19/2020 Books